| 000 | 00716nam a2200217 a 4500 | ||
|---|---|---|---|
| 001 | 000030134 | ||
| 005 | 20200930060054.0 | ||
| 008 | 110429s2004 es 000 0 spa d | ||
| 020 | _a8888405240 | ||
| 040 |
_aDO-SdBNP _bspa _cBNPHU |
||
| 100 | 1 |
_aLandolfi, Tommaso _956842 |
|
| 245 | 1 | 0 |
_aReina de cáncer / _cTommaso Landolfi, truaducción y notas de Alessandro Baldi y Luis Beltrán Almería. |
| 260 |
_aSanto Domingo : _bArci Solidarietá Secenter. |
||
| 300 |
_a96 p. ; _c17 cm. |
||
| 490 | 1 | _aUn mar de sueños | |
| 500 | _aIncluye notas al pie de las páginas | ||
| 700 | 1 |
_aBaldi, Alessandro _etr. _956843 |
|
| 700 | 1 |
_aBeltrán, Luis _etr. _956844 |
|
| 830 | 0 |
_aUn mar de sueños _940693 |
|
| 049 | _aBNPD | ||
| 999 |
_c29626 _d29626 |
||